[Event "Muensterland Verbandsklasse 1718"]
[Site "Germany"]
[Date "2018.02.17"]
[Round "6.6"]
[White "Wensing, Herbert"]
[Black "Hols, Bernhard"]
[Result "1-0"]
[WhiteElo "1685"]
[BlackElo "1773"]
[PlyCount "61"]
[EventDate "2017.09.16"]
[EventType "team-tourn"]
[EventRounds "9"]
[EventCountry "GER"]
[SourceTitle "EXT 2019"]
[Source "ChessBase"]
[SourceDate "2018.10.10"]
[SourceVersion "1"]
[SourceVersionDate "2018.10.10"]
[SourceQuality "1"]
[WhiteTeam "Stadtlohn"]
[BlackTeam "Nordwalde"]
[WhiteTeamCountry "GER"]
[BlackTeamCountry "GER"]

1. e4 c5 2. Nf3 d6 3. d4 cxd4 4. Nxd4 Nc6 5. Be3 Bd7 6. Be2 Nf6 7. Nc3 a6 8. f3 e6 9. Qd2 Rc8 10. Nb3 Na5 11. 0-0 Be7 12. Bd3 Nc4 13. Bxc4 Rxc4 14. Qf2 b5 15. a3 0-0 16. Bb6 Qb8 17. Na5 Rcc8 18. Rfd1 Ne8 19. Kh1 Nc7 20. Bd4 Na8 21. Qg3 f6 22. e5 d5 23. Nb3 Nb6 24. Nd2 f5 25. Be3 a5 26. Bh6 Rf7 27. Rac1 Bc5 28. Nb3 Bxa3 29. Nxd5 Bxb2 30. Nf6+ Rxf6 31. Qxg7# 1-0

[Event "Muensterland Verbandsklasse 1516"]
[Site "Germany"]
[Date "2016.05.28"]
[Round "9.6"]
[White "Emming, Benedikt"]
[Black "Wensing, Herbert"]
[Result "1/2-1/2"]
[WhiteElo "1726"]
[BlackElo "1684"]
[PlyCount "42"]
[EventDate "2015.09.19"]
[EventType "team"]
[EventRounds "9"]
[EventCountry "GER"]
[SourceTitle "EXT 2017"]
[Source "ChessBase"]
[SourceDate "2016.10.25"]
[SourceVersion "1"]
[SourceVersionDate "2016.10.25"]
[SourceQuality "1"]
[WhiteTeam "Suedlohn II"]
[BlackTeam "Stadtlohn"]
[WhiteTeamCountry "GER"]
[BlackTeamCountry "GER"]

1. e4 e5 2. Nf3 Nf6 3. Nxe5 d6 4. Nf3 Nxe4 5. Bc4 d5 6. Qe2 Be7 7. d3 Nxf2 8. Qxf2 dxc4 9. dxc4 0-0 10. 0-0 Be6 11. b3 Bf6 12. c3 Nc6 13. Bb2 Qd3 14. Nd4 Bg5 15. Re1 Bd7 16. Na3 a6 17. Rad1 Qg6 18. Nac2 Rfe8 19. Bc1 Ne5 20. Bxg5 Qxg5 21. Ne3 Bg4 1/2-1/2

[Event "Muensterland Verbandsklasse 1516"]
[Site "Germany"]
[Date "2016.04.30"]
[Round "8.4"]
[White "Wensing, Herbert"]
[Black "Glotzbach, Thomas"]
[Result "1-0"]
[WhiteElo "1684"]
[BlackElo "1718"]
[PlyCount "69"]
[EventDate "2015.09.19"]
[EventType "team"]
[EventRounds "9"]
[EventCountry "GER"]
[SourceTitle "EXT 2017"]
[Source "ChessBase"]
[SourceDate "2016.10.25"]
[SourceVersion "1"]
[SourceVersionDate "2016.10.25"]
[SourceQuality "1"]
[WhiteTeam "Stadtlohn"]
[BlackTeam "Muenster Indische Dame"]
[WhiteTeamCountry "GER"]
[BlackTeamCountry "GER"]

1. e4 e6 2. d4 d5 3. Nd2 dxe4 4. Nxe4 Nd7 5. Bd3 Ngf6 6. Nf3 Be7 7. c3 Nxe4 8. Bxe4 Nf6 9. Bd3 0-0 10. 0-0 c5 11. Qc2 h6 12. h3 Qc7 13. Be3 Nd5 14. Be4 Nxe3 15. fxe3 Rb8 16. Qf2 Bd6 17. Rac1 b6 18. Bb1 f5 19. Qe2 Bb7 20. e4 Bf4 21. Rcd1 Rbe8 22. exf5 exf5 23. Qc4+ Kh8 24. Nh4 Be3+ 25. Kh1 Qg3 26. d5 b5 27. Qxb5 Qxh4 28. Qxb7 f4 29. Qc6 Qg5 30. d6 Re6 31. Qd7 Qf6 32. Qc7 Qd8 33. Qc6 Rff6 34. Qc7 Rxd6 35. Qxd8+ 1-0

[Event "Muensterland Verbandsklasse 1516"]
[Site "Germany"]
[Date "2016.01.23"]
[Round "5.6"]
[White "Wilde, Juergen"]
[Black "Wensing, Herbert"]
[Result "1-0"]
[WhiteElo "1619"]
[BlackElo "1684"]
[PlyCount "73"]
[EventDate "2015.09.19"]
[EventType "team"]
[EventRounds "9"]
[EventCountry "GER"]
[SourceTitle "EXT 2017"]
[Source "ChessBase"]
[SourceDate "2016.10.25"]
[SourceVersion "1"]
[SourceVersionDate "2016.10.25"]
[SourceQuality "1"]
[WhiteTeam "Rheine Klein Berlin II"]
[BlackTeam "Stadtlohn"]
[WhiteTeamCountry "GER"]
[BlackTeamCountry "GER"]

1. e4 e5 2. Nf3 Nf6 3. d4 Nxe4 4. dxe5 Bc5 5. Be3 Bxe3 6. fxe3 Nc6 7. Bc4 0-0 8. Qd5 Ng5 9. 0-0 Ne6 10. c3 Ne7 11. Qe4 Ng6 12. Nbd2 Qe7 13. b4 Rb8 14. h4 b6 15. h5 Bb7 16. Qg4 Nh8 17. Ne4 Bxe4 18. Qxe4 Ng5 19. Nxg5 Qxg5 20. Rf5 Qe7 21. Raf1 c6 22. Qf3 c5 23. b5 Rbd8 24. Bd5 d6 25. e6 f6 26. g4 h6 27. Rf2 Kh7 28. Qe4 Kg8 29. Bb3 Rde8 30. Rd5 g6 31. Rfd2 Rd8 32. Qd3 Kg7 33. Rxd6 Rxd6 34. Qxd6 Re8 35. Qc6 Rd8 36. Rxd8 Qxd8 37. Qd7+ 1-0

[Event "Muensterland Verbandsklasse 1314"]
[Site "Germany"]
[Date "2013.10.12"]
[Round "2.5"]
[White "Holstegge, Ludger"]
[Black "Wensing, Herbert"]
[Result "1/2-1/2"]
[WhiteElo "1837"]
[BlackElo "1661"]
[PlyCount "34"]
[EventDate "2013.09.21"]
[EventType "team-tourn"]
[EventRounds "9"]
[EventCountry "GER"]
[SourceTitle "EXT 2015"]
[Source "ChessBase"]
[SourceDate "2014.11.20"]
[SourceVersion "1"]
[SourceVersionDate "2014.11.20"]
[SourceQuality "1"]
[WhiteTeam "Nordwalde"]
[BlackTeam "Stadtlohn"]
[WhiteTeamCountry "GER"]
[BlackTeamCountry "GER"]

1. c4 Nf6 2. Nf3 e6 3. d4 d5 4. Nc3 c6 5. e3 Bd6 6. Bd3 0-0 7. 0-0 Nbd7 8. c5 Bc7 9. b4 e5 10. dxe5 Nxe5 11. Nxe5 Bxe5 12. Bb2 Bxh2+ 13. Kxh2 Ng4+ 14. Kg3 Qc7+ 15. f4 Nxe3 16. Rh1 Nxd1 17. Bxh7+ Kh8 1/2-1/2

[Event "Muensterland Verbandsklasse-B 1213"]
[Site "Germany"]
[Date "2013.01.26"]
[Round "5.6"]
[White "Frieske, Hilmar"]
[Black "Wensing, Herbert"]
[Result "1-0"]
[WhiteElo "1578"]
[BlackElo "1646"]
[PlyCount "139"]
[EventDate "2012.09.15"]
[EventType "team-tourn"]
[EventRounds "9"]
[EventCountry "GER"]
[SourceTitle "EXT 2015"]
[Source "ChessBase"]
[SourceDate "2014.11.20"]
[SourceVersion "1"]
[SourceVersionDate "2014.11.20"]
[SourceQuality "1"]
[WhiteTeam "Gescher"]
[BlackTeam "Stadtlohn"]
[WhiteTeamCountry "GER"]
[BlackTeamCountry "GER"]

1. e4 e5 2. Nf3 Nf6 3. Nc3 Bc5 4. Bc4 Nc6 5. 0-0 0-0 6. d3 h6 7. a3 a5 8. Ne2 d6 9. h3 Be6 10. Ng3 Bxc4 11. dxc4 Ne7 12. Re1 Qc8 13. Be3 Bxe3 14. Rxe3 Qe6 15. b3 a4 16. Nh4 axb3 17. cxb3 g6 18. Qd2 Nh7 19. a4 Ng5 20. Rf1 Qf6 21. Nf3 Qf4 22. Qb4 b6 23. Nxg5 Qxg5 24. Ne2 f5 25. Rg3 Qh5 26. Re3 fxe4 27. Rxe4 Nf5 28. g4 Qg5 29. c5 bxc5 30. Qc4+ Kh7 31. Kh2 Nh4 32. f4 exf4 33. Rexf4 Qe5 34. Kg1 Qe3+ 35. Kh2 Qe5 36. Kh1 Rxf4 37. Rxf4 d5 38. Qc2 Kg7 39. Rf2 Qe3 40. Qc3+ Qxc3 41. Nxc3 d4 42. Ne4 Ra5 43. Rc2 Nf3 44. Nxc5 Ne1 45. Rc1 d3 46. b4 d2 47. Rd1 Ra7 48. Rxd2 Nf3 49. Rd7+ Kf6 50. Kg2 Ne5 51. Rd2 Nc6 52. b5 Ne5 53. Re2 Nc4 54. Re6+ Kf7 55. Ra6 Rxa6 56. Nxa6 Nb6 57. Nc5 Ke7 58. a5 Na8 59. Kf3 Kd6 60. Na4 Kd5 61. Kf4 Kd6 62. Ke4 Ke6 63. Nc5+ Kd6 64. Kd4 Ke7 65. Ke5 Kf7 66. h4 Ke7 67. g5 hxg5 68. hxg5 Kf7 69. Kd5 Ke7 70. Kc6 1-0

[Event "Muensterland Verbandsklasse-B 1213"]
[Site "Germany"]
[Date "2012.12.15"]
[Round "4.5"]
[White "Fartmann, Franz Josef"]
[Black "Wensing, Herbert"]
[Result "1/2-1/2"]
[WhiteElo "1845"]
[BlackElo "1646"]
[PlyCount "31"]
[EventDate "2012.09.15"]
[EventType "team-tourn"]
[EventRounds "9"]
[EventCountry "GER"]
[SourceTitle "EXT 2015"]
[Source "ChessBase"]
[SourceDate "2014.11.20"]
[SourceVersion "1"]
[SourceVersionDate "2014.11.20"]
[SourceQuality "1"]
[WhiteTeam "Beelen"]
[BlackTeam "Stadtlohn"]
[WhiteTeamCountry "GER"]
[BlackTeamCountry "GER"]

1. Nf3 Nf6 2. g3 Nc6 3. Bg2 e5 4. d3 d5 5. 0-0 Be7 6. c3 0-0 7. Bg5 h6 8. Bxf6 Bxf6 9. e4 dxe4 10. dxe4 Be6 11. Qc2 Qe7 12. Nbd2 Rfd8 13. Rfd1 Rd7 14. Nb3 Rad8 15. Rxd7 Rxd7 16. Rd1 1/2-1/2

[Event "Muensterland Verbandsklasse-B 1213"]
[Site "Germany"]
[Date "2012.11.17"]
[Round "3.5"]
[White "Waltermann, Jens"]
[Black "Wensing, Herbert"]
[Result "1/2-1/2"]
[WhiteElo "1864"]
[BlackElo "1646"]
[PlyCount "35"]
[EventDate "2012.09.15"]
[EventType "team-tourn"]
[EventRounds "9"]
[EventCountry "GER"]
[SourceTitle "EXT 2015"]
[Source "ChessBase"]
[SourceDate "2014.11.20"]
[SourceVersion "1"]
[SourceVersionDate "2014.11.20"]
[SourceQuality "1"]
[WhiteTeam "Saerbeck"]
[BlackTeam "Stadtlohn"]
[WhiteTeamCountry "GER"]
[BlackTeamCountry "GER"]

1. Nf3 Nf6 2. g3 Nc6 3. d4 e6 4. Bg2 d5 5. 0-0 Bd6 6. b3 0-0 7. Bb2 Bd7 8. c4 b6 9. Nbd2 Rb8 10. Rc1 Qe7 11. e3 Nb4 12. Ra1 a5 13. Ne5 Rfd8 14. Ndf3 Be8 15. Qe2 c5 16. cxd5 exd5 17. Rfc1 Rbc8 18. Bc3 1/2-1/2

[Event "Muensterland Verbandsklasse-B 1213"]
[Site "Germany"]
[Date "2012.09.15"]
[Round "1.6"]
[White "Wensing, Herbert"]
[Black "Stephan, Matthias"]
[Result "1/2-1/2"]
[WhiteElo "1646"]
[BlackElo "1649"]
[PlyCount "60"]
[EventDate "2012.09.15"]
[EventType "team-tourn"]
[EventRounds "9"]
[EventCountry "GER"]
[SourceTitle "EXT 2015"]
[Source "ChessBase"]
[SourceDate "2014.11.20"]
[SourceVersion "1"]
[SourceVersionDate "2014.11.20"]
[SourceQuality "1"]
[WhiteTeam "Stadtlohn"]
[BlackTeam "Telgte"]
[WhiteTeamCountry "GER"]
[BlackTeamCountry "GER"]

1. e4 e6 2. d4 d5 3. Nd2 Nf6 4. e5 Ne4 5. Ngf3 Nxd2 6. Bxd2 c5 7. c3 Nc6 8. Bd3 Qb6 9. Qa4 Bd7 10. Bb5 Nxe5 11. Bxd7+ Nxd7 12. Ne5 Qc7 13. 0-0 Bd6 14. f4 f6 15. Nxd7 Qxd7 16. Qd1 0-0 17. Be3 Qc7 18. Qg4 Rae8 19. Rae1 e5 20. fxe5 fxe5 21. Rxf8+ Kxf8 22. Qf3+ Qf7 23. Qg3 Kg8 24. dxc5 Bc7 25. Rf1 Qe7 26. Qf3 e4 27. Qf5 Be5 28. Bd4 Bxd4+ 29. cxd4 Qe6 30. Qxe6+ Rxe6 1/2-1/2

[Event "Muensterland Verbandsliga 0708"]
[Site "Germany"]
[Date "2008.02.09"]
[Round "6.7"]
[White "Wensing, Herbert"]
[Black "Herdering, Martin"]
[Result "1/2-1/2"]
[WhiteElo "1625"]
[BlackElo "1806"]
[PlyCount "46"]
[EventDate "2007.09.08"]
[EventType "team"]
[EventRounds "9"]
[EventCountry "GER"]
[SourceTitle "EXT 2009"]
[Source "ChessBase"]
[SourceDate "2008.11.26"]
[SourceVersion "1"]
[SourceVersionDate "2008.11.26"]
[SourceQuality "1"]
[WhiteTeam "Stadtlohn"]
[BlackTeam "Heiden"]
[WhiteTeamCountry "GER"]
[BlackTeamCountry "GER"]

1. e4 c5 2. Nf3 d6 3. d4 cxd4 4. Nxd4 Nf6 5. Nc3 a6 6. Be2 e5 7. Nb3 Be7 8. Be3 Qc7 9. Nd5 Nxd5 10. Qxd5 Nc6 11. a3 0-0 12. 0-0 Be6 13. Qd3 b5 14. Qc3 Rac8 15. Nd2 Qb7 16. Qd3 Rfd8 17. Bf3 Na5 18. b3 d5 19. exd5 Bxd5 20. Bxd5 Qxd5 21. Bb6 Qc6 22. Bxd8 Rxd8 23. Qe3 Qxc2 1/2-1/2